| 000 | 00897cab a2200241 4500 | ||
|---|---|---|---|
| 001 | W5383 | ||
| 008 | 090401t1993 xxu||||| |||| 00| 0 eng d | ||
| 035 | _a(Sirsi) u71411 | ||
| 041 | _aeng | ||
| 245 | _aEnforcement notice | ||
| 260 | _c1993 | ||
| 350 | _a0 | ||
| 490 |
_aEstates Gazette Case Summaries _v1993 EGCS 123 (3 July 1993) |
||
| 520 | _aIn "Jacques Amand Ltd v SoS for the Environment and another" QBD 15 June 1993 a planning inspector`s decision that a lean-to structure on the premises of a bulb wholesale and mail order operation was not appropriate to the green belt location and the primary use was not horticulture was upheld. | ||
| 650 | _aENFORCEMENT NOTICES | ||
| 650 | _aGREEN BELT | ||
| 650 | _aHORTICULTURE | ||
| 650 | _aMAIL ORDER OPERATION | ||
| 650 | _aPLANNING CONTROL | ||
| 690 | _aPLANNING LAW AND PRACTICE-CASE LAW | ||
| 942 | _n0 | ||
| 948 | _c04/03/1997 | ||
| 999 |
_c45012 _d45012 |
||